[Event "Titled Tuesday intern op 02nd May Late"]
[Site "Chess.com INT"]
[Date "2023.05.02"]
[Round "2"]
[White "Bryant, John Daniel"]
[Black "Kleiman, Jake"]
[Result "0-1"]
[WhiteElo "2412"]
[BlackElo "2399"]
[PlyCount "57"]
[EventDate "2023.05.02"]
[EventType "swiss (blitz)"]
[EventRounds "11"]
[EventCountry "USA"]
[SourceTitle "EXT 2024"]
[Source "ChessBase"]
[SourceDate "2023.10.10"]
[SourceVersion "1"]
[SourceVersionDate "2023.10.10"]
[SourceQuality "1"]

1. e4 e5 2. Nf3 Nc6 3. Bb5 a6 4. Ba4 Nf6 5. 0-0 b5 6. Bb3 Bc5 7. d3 0-0 8. Nc3 h6 9. Nd5 d6 10. Nxf6+ Qxf6 11. Bd5 Bd7 12. Be3 Rad8 13. h3 Ne7 14. Bb3 Ng6 15. c3 Nf4 16. d4 Bb6 17. Kh2 Rfe8 18. Qd2 Nxh3 19. Rae1 g5 20. Qd1 Bg4 21. Bc2 Nf4 22. Rh1 Ng6 23. Bd3 d5 24. Kg3 dxe4 25. Bxe4 exd4 26. Bxg5 hxg5 27. Kxg4 Qf4+ 28. Kh5 Kg7 29. Nxg5 0-1

[Event "Titled Tuesday intern op 02nd May Late"]
[Site "Chess.com INT"]
[Date "2023.05.02"]
[Round "3"]
[White "Kochiev, Ivan"]
[Black "Bryant, John Daniel"]
[Result "0-1"]
[WhiteElo "2053"]
[BlackElo "2412"]
[PlyCount "50"]
[EventDate "2023.05.02"]
[EventType "swiss (blitz)"]
[EventRounds "11"]
[EventCountry "USA"]
[SourceTitle "EXT 2024"]
[Source "ChessBase"]
[SourceDate "2023.10.10"]
[SourceVersion "1"]
[SourceVersionDate "2023.10.10"]
[SourceQuality "1"]

1. e4 c5 2. Nf3 d6 3. d4 cxd4 4. Nxd4 Nf6 5. f3 e5 6. Nb3 d5 7. Bg5 Be6 8. Bxf6 gxf6 9. exd5 Bxd5 10. Bd3 Qb6 11. Nc3 Bc6 12. Be4 Nd7 13. Bxc6 bxc6 14. Qd3 Bh6 15. Ne4 0-0-0 16. Nd6+ Kb8 17. Nxf7 Nc5 18. Qe2 Nxb3 19. axb3 Rd2 20. Nxh8 Rxe2+ 21. Kxe2 Qb5+ 22. Ke1 Qd5 23. Rd1 Qg8 24. Rd6 Qxh8 25. Rxc6 Qd8 0-1

[Event "Titled Tuesday intern op 25th Apr Early"]
[Site "Chess.com INT"]
[Date "2023.04.25"]
[Round "8"]
[White "Bryant, John Daniel"]
[Black "Reprintsev, Alexander"]
[Result "0-1"]
[WhiteElo "2412"]
[BlackElo "2254"]
[PlyCount "66"]
[EventDate "2023.04.25"]
[EventType "swiss (blitz)"]
[EventRounds "11"]
[EventCountry "USA"]
[SourceTitle "EXT 2024"]
[Source "ChessBase"]
[SourceDate "2023.10.10"]
[SourceVersion "1"]
[SourceVersionDate "2023.10.10"]
[SourceQuality "1"]

1. e4 e5 2. Nf3 Nc6 3. d4 exd4 4. Nxd4 Nf6 5. Nxc6 bxc6 6. e5 Nd5 7. c4 Bb4+ 8. Bd2 Bxd2+ 9. Qxd2 Ne7 10. Bd3 d6 11. exd6 cxd6 12. Nc3 0-0 13. 0-0 Be6 14. Rfe1 Re8 15. Re2 d5 16. c5 Rb8 17. a3 a5 18. Rae1 Qc7 19. h4 h6 20. Na4 Kf8 21. Bb1 Ng8 22. Nb6 Qe7 23. Qd4 Qf6 24. Qxf6 Nxf6 25. b4 axb4 26. axb4 Re7 27. Bc2 Ra7 28. Bb3 Ra3 29. Bc2 Rb7 30. f3 Rba7 31. Kf2 Rc3 32. Rd1 Ra2 33. Rdd2 Rb2 0-1

[Event "Titled Tuesday intern op 25th Apr Early"]
[Site "Chess.com INT"]
[Date "2023.04.25"]
[Round "10"]
[White "Degenbaev, Aziz"]
[Black "Bryant, John Daniel"]
[Result "0-1"]
[WhiteElo "2196"]
[BlackElo "2412"]
[PlyCount "78"]
[EventDate "2023.04.25"]
[EventType "swiss (blitz)"]
[EventRounds "11"]
[EventCountry "USA"]
[SourceTitle "EXT 2024"]
[Source "ChessBase"]
[SourceDate "2023.10.10"]
[SourceVersion "1"]
[SourceVersionDate "2023.10.10"]
[SourceQuality "1"]

1. e4 c5 2. Nf3 d6 3. d4 cxd4 4. Nxd4 Nf6 5. Nc3 a6 6. Be2 g6 7. Be3 Bg7 8. 0-0 Nc6 9. Nb3 Bd7 10. h3 Rc8 11. f4 0-0 12. Qd2 Na5 13. Nxa5 Qxa5 14. Nd5 Qxd2 15. Nxe7+ Kh8 16. Bxd2 Rxc2 17. Rad1 Nxe4 18. Bd3 Rxd2 19. Rxd2 Nxd2 20. Rd1 Ne4 21. Bxe4 Re8 22. Rxd6 Rxe7 23. Bxb7 a5 24. Ra6 Bxb2 25. Rxa5 Be6 26. a4 Rxb7 27. Ra8+ Kg7 28. a5 Bd4+ 29. Kh2 Rb2 30. a6 Ra2 31. Rd8 Be3 32. a7 Rxa7 33. f5 Bxf5 34. h4 Bf4+ 35. g3 Ra2+ 36. Kg1 Bxg3 37. Kf1 Bh3+ 38. Kg1 Ra1+ 39. Rd1 Rxd1# 0-1

[Event "Titled Tuesday intern op 25th Apr Early"]
[Site "Chess.com INT"]
[Date "2023.04.25"]
[Round "7"]
[White "Dushyant, Sharma"]
[Black "Bryant, John Daniel"]
[Result "0-1"]
[WhiteElo "2355"]
[BlackElo "2412"]
[PlyCount "86"]
[EventDate "2023.04.25"]
[EventType "swiss (blitz)"]
[EventRounds "11"]
[EventCountry "USA"]
[SourceTitle "EXT 2024"]
[Source "ChessBase"]
[SourceDate "2023.10.10"]
[SourceVersion "1"]
[SourceVersionDate "2023.10.10"]
[SourceQuality "1"]

1. e4 c5 2. Nf3 d6 3. d4 cxd4 4. Nxd4 Nf6 5. Nc3 a6 6. f4 g6 7. Nf3 Bg7 8. Bd3 0-0 9. 0-0 Nbd7 10. a4 Nc5 11. Kh1 b6 12. Qe1 Bb7 13. Bd2 Rc8 14. b4 Ne6 15. f5 Nc7 16. Qh4 Nce8 17. Rae1 Nd7 18. Nd5 Nef6 19. c4 Nxd5 20. exd5 Ne5 21. Ng5 h6 22. fxg6 fxg6 23. Ne6 Qd7 24. Nxf8 Rxf8 25. Rxf8+ Bxf8 26. Be4 g5 27. Bxg5 hxg5 28. Qxg5+ Bg7 29. Bf5 Qe8 30. Be6+ Kh7 31. Rf1 Bf6 32. Qf5+ Qg6 33. Qh3+ Kg7 34. Bf5 Qh6 35. Qg3+ Qg5 36. Qf2 Nxc4 37. Be4 Ne5 38. g3 Bc8 39. h4 Qh6 40. Bg2 Bg4 41. Qxb6 Qg6 42. Qxa6 Qc2 43. Rg1 Nf3 0-1

[Event "Titled Tuesday intern op 18th Apr Early"]
[Site "Chess.com INT"]
[Date "2023.04.18"]
[Round "11"]
[White "Bryant, John Daniel"]
[Black "Bilan, Danila"]
[Result "0-1"]
[WhiteElo "2412"]
[BlackElo "2303"]
[PlyCount "158"]
[EventDate "2023.04.18"]
[EventType "swiss (blitz)"]
[EventRounds "11"]
[EventCountry "USA"]
[SourceTitle "EXT 2024"]
[Source "ChessBase"]
[SourceDate "2023.10.10"]
[SourceVersion "1"]
[SourceVersionDate "2023.10.10"]
[SourceQuality "1"]

1. e4 c6 2. Nf3 d5 3. Nc3 Bg4 4. h3 Bxf3 5. Qxf3 e6 6. d4 dxe4 7. Qxe4 Nd7 8. g3 Ngf6 9. Qd3 Be7 10. Bg2 0-0 11. 0-0 Qc7 12. Ne4 Nxe4 13. Qxe4 Rad8 14. c3 Nf6 15. Qc2 c5 16. Bf4 Qb6 17. dxc5 Bxc5 18. Qb3 Nh5 19. Qxb6 Bxb6 20. Rad1 Nxf4 21. gxf4 Bc7 22. b4 Bxf4 23. Bxb7 Bd2 24. a4 Bxc3 25. b5 Ba5 26. Ra1 Rd2 27. Rfd1 Rfd8 28. Rxd2 Rxd2 29. Kf1 g5 30. Bc6 Kg7 31. Ra3 f5 32. Re3 Kf6 33. Re2 Rd4 34. Ra2 h5 35. f3 Rc4 36. Kg2 g4 37. hxg4 hxg4 38. fxg4 Rxg4+ 39. Kf3 Rc4 40. Bd7 Rc3+ 41. Kg2 e5 42. Rf2 f4 43. Bc6 Kf5 44. Re2 Rg3+ 45. Kf1 Bb6 46. Rh2 Ra3 47. Rh5+ Kg4 48. Rh8 Rxa4 49. Rg8+ Kh3 50. Rh8+ Kg4 51. Rg8+ Kf5 52. Rf8+ Kg5 53. Rg8+ Kf6 54. Rf8+ Ke7 55. Rf5 Kd6 56. Rf6+ Kc5 57. Rf7 Kd4 58. Ke2 Ra2+ 59. Kf3 Ra3+ 60. Kg4 Rg3+ 61. Kf5 f3 62. Ke6 e4 63. Rf4 Kd3 64. Bxe4+ Ke3 65. Kf5 f2 66. Bc6 Rg1 67. Re4+ Kd2 68. Rf4 f1Q 69. Rxf1 Rxf1+ 70. Ke5 Kc3 71. Kd6 Kb4 72. Kd7 Rf7+ 73. Kc8 Rc7+ 74. Kb8 Kc5 75. Be8 Re7 76. Bc6 Kd6 77. Ka8 Rc7 78. Kb8 Rxc6 79. bxc6 Kxc6 0-1

[Event "Titled Tuesday intern op 18th Apr Early"]
[Site "Chess.com INT"]
[Date "2023.04.18"]
[Round "7"]
[White "Bryant, John Daniel"]
[Black "Kushko, Dmitriy"]
[Result "0-1"]
[WhiteElo "2412"]
[BlackElo "2379"]
[PlyCount "66"]
[EventDate "2023.04.18"]
[EventType "swiss (blitz)"]
[EventRounds "11"]
[EventCountry "USA"]
[SourceTitle "EXT 2024"]
[Source "ChessBase"]
[SourceDate "2023.10.10"]
[SourceVersion "1"]
[SourceVersionDate "2023.10.10"]
[SourceQuality "1"]

1. e4 g6 2. d4 Bg7 3. Nf3 d6 4. Bc4 Nc6 5. h3 Nf6 6. Nc3 0-0 7. 0-0 Nxe4 8. Bxf7+ Rxf7 9. Nxe4 d5 10. Neg5 Rf8 11. Re1 Qd6 12. Qe2 Nxd4 13. Nxd4 Bxd4 14. Nf3 Bf6 15. Bh6 Re8 16. Ne5 Bf5 17. f4 d4 18. Rad1 Qd5 19. b3 c5 20. Qf2 Rad8 21. Rd2 Rd6 22. g4 Bc8 23. Rde2 b6 24. g5 Bb7 25. Kh2 Bh8 26. Ng4 d3 27. cxd3 Bd4 28. Qg3 Bc3 29. Nf6+ Bxf6 30. gxf6 Rxf6 31. Rxe7 Rxe7 32. f5 Re2+ 33. Rxe2 Qh1# 0-1

[Event "Titled Tuesday intern op 18th Apr Early"]
[Site "Chess.com INT"]
[Date "2023.04.18"]
[Round "3"]
[White "Bryant, John Daniel"]
[Black "Smirnov, Pavel"]
[Result "0-1"]
[WhiteElo "2412"]
[BlackElo "2545"]
[PlyCount "80"]
[EventDate "2023.04.18"]
[EventType "swiss (blitz)"]
[EventRounds "11"]
[EventCountry "USA"]
[SourceTitle "EXT 2024"]
[Source "ChessBase"]
[SourceDate "2023.10.10"]
[SourceVersion "1"]
[SourceVersionDate "2023.10.10"]
[SourceQuality "1"]

1. e4 e5 2. Nf3 Nc6 3. d4 exd4 4. Nxd4 Nf6 5. Nxc6 bxc6 6. e5 Qe7 7. Qe2 Nd5 8. c4 Ba6 9. Nd2 g6 10. Nf3 Qb4+ 11. Kd1 Rb8 12. Qc2 Ne7 13. Qb3 c5 14. Bd2 Qb6 15. Ba5 Qb7 16. Qxb7 Bxb7 17. Kc2 Bxf3 18. gxf3 Nc6 19. Bxc7 Rb7 20. Bd6 Bxd6 21. exd6 Rb6 22. Rd1 0-0 23. Bd3 Rfb8 24. b3 Nd4+ 25. Kc3 Rxd6 26. Be4 Rf6 27. Rd3 a5 28. Rhd1 Kg7 29. R1d2 a4 30. b4 d6 31. b5 Rf4 32. Rxd4 cxd4+ 33. Rxd4 f5 34. Bc2 Rxd4 35. Kxd4 a3 36. Kd5 Rb6 37. Bd3 Kf8 38. c5 dxc5 39. Kxc5 Rb8 40. b6 Ke7 0-1

[Event "Titled Tuesday intern op 18th Apr Early"]
[Site "Chess.com INT"]
[Date "2023.04.18"]
[Round "8"]
[White "Shuvalova, Polina"]
[Black "Bryant, John Daniel"]
[Result "1-0"]
[WhiteElo "2475"]
[BlackElo "2412"]
[PlyCount "71"]
[EventDate "2023.04.18"]
[EventType "swiss (blitz)"]
[EventRounds "11"]
[EventCountry "USA"]
[SourceTitle "EXT 2024"]
[Source "ChessBase"]
[SourceDate "2023.10.10"]
[SourceVersion "1"]
[SourceVersionDate "2023.10.10"]
[SourceQuality "1"]

1. e4 e5 2. Nf3 Nc6 3. Bc4 Bc5 4. d3 Nf6 5. 0-0 0-0 6. c3 d5 7. exd5 Nxd5 8. Re1 Bg4 9. Nbd2 Nb6 10. h3 Bh5 11. Bb3 Kh8 12. Ne4 Bd6 13. g4 Bg6 14. Bg5 f6 15. Bh4 Qd7 16. Bg3 f5 17. Nxd6 cxd6 18. Nh4 f4 19. Nxg6+ hxg6 20. Bh4 d5 21. Qf3 Rae8 22. Bg5 Na5 23. Bc2 Nc6 24. Rad1 a5 25. h4 a4 26. Kg2 Qd6 27. a3 Qc5 28. Rh1 e4 29. dxe4 Ne5 30. Qh3 Qb5 31. h5 f3+ 32. Kg1 Kg8 33. hxg6 Nxg6 34. exd5 Ne5 35. Qh5 Qe2 36. Bh7+ 1-0

[Event "Milpitas 1000 GM Schev April"]
[Site "Milpitas"]
[Date "2023.04.09"]
[Round "10.1"]
[White "Bryant, John Daniel"]
[Black "Wang, Isaac"]
[Result "1-0"]
[WhiteElo "2422"]
[BlackElo "2038"]
[PlyCount "87"]
[EventDate "2023.03.31"]
[EventType "schev"]
[EventRounds "10"]
[EventCountry "USA"]
[SourceTitle "CBM 213 Extra"]
[Source "ChessBase"]
[SourceDate "2023.05.31"]
[SourceVersion "1"]
[SourceVersionDate "2023.05.31"]
[SourceQuality "1"]

1. e4 c5 2. Nf3 d6 3. Bb5+ Nd7 4. 0-0 a6 5. Bxd7+ Bxd7 6. d4 cxd4 7. Qxd4 Nf6 8. Nc3 e6 9. e5 dxe5 10. Nxe5 Bb5 11. Nxb5 axb5 12. Rd1 Qxd4 13. Rxd4 Bc5 14. Rd3 Nd5 15. Rb3 Bd6 16. Nd3 Nc7 17. Be3 Kd7 18. a3 Kc6 19. Rc3+ Kd7 20. Nc5+ Bxc5 21. Rxc5 Rhc8 22. Rd1+ Ke7 23. Rd3 h6 24. h4 b6 25. Re5 Rab8 26. Bf4 f6 27. Re2 e5 28. Bg3 g5 29. f4 gxf4 30. Bxf4 h5 31. Be3 Rd8 32. Rb3 Ke6 33. Kf2 Rd5 34. Rc3 Kd6 35. Ke1 Ne6 36. Rf2 Rg8 37. Bxb6 Rg4 38. g3 b4 39. Rb3 bxa3 40. Rxa3 Rb4 41. Rb3 Rg4 42. Ra3 Rb5 43. Rd2+ Kc6 44. Bf2 1-0

[Event "Los Angeles 1000 GM Spring op"]
[Site "Los Angeles"]
[Date "2023.03.20"]
[Round "6"]
[White "Bryant, John Daniel"]
[Black "Iinuma, Paul Y"]
[Result "1-0"]
[WhiteElo "2422"]
[BlackElo "1977"]
[PlyCount "99"]
[EventDate "2023.03.17"]
[EventType "swiss"]
[EventRounds "9"]
[EventCountry "USA"]
[SourceTitle "CBM 213 Extra"]
[Source "ChessBase"]
[SourceDate "2023.05.31"]
[SourceVersion "1"]
[SourceVersionDate "2023.05.31"]
[SourceQuality "1"]

1. g3 Nf6 2. Bg2 d5 3. Nf3 c6 4. 0-0 Bf5 5. d3 h6 6. b3 e6 7. Bb2 Nbd7 8. c4 Bh7 9. Nbd2 Bd6 10. cxd5 exd5 11. e4 dxe4 12. dxe4 Be7 13. e5 Nd5 14. e6 N7f6 15. exf7+ Kxf7 16. Ne5+ Kf8 17. Ndf3 Qe8 18. Nd4 Bb4 19. Bh3 Nc7 20. Qe2 Rd8 21. Rad1 Rd5 22. Nf5 Qh5 23. Nd7+ Kf7 24. Qxh5+ Nxh5 25. Nxh6+ Ke7 26. Rfe1+ Bxe1 27. Rxe1+ Ne6 28. Bxe6 Rxd7 29. Nf7 Re8 30. Bc4+ Kf8 31. Ba3+ Ree7 32. Nd8 Ke8 33. Bxe7 Rxe7 34. Rxe7+ Kxe7 35. Nxb7 Be4 36. Kf1 Nf6 37. Ke2 Nd7 38. Ke3 Bb1 39. a3 Ne5 40. h3 Nd7 41. f4 Bg6 42. Kd4 Bc2 43. Nc5 Nf6 44. Ke5 Bd1 45. g4 Bf3 46. g5 Nh5 47. f5 Bg2 48. h4 Bh3 49. Ne6 Ke8 50. b4 1-0

[Event "Los Angeles 1000 GM Spring op"]
[Site "Los Angeles"]
[Date "2023.03.20"]
[Round "7"]
[White "Cruz, Cristhian"]
[Black "Bryant, John Daniel"]
[Result "1/2-1/2"]
[WhiteElo "2529"]
[BlackElo "2422"]
[PlyCount "71"]
[EventDate "2023.03.17"]
[EventType "swiss"]
[EventRounds "9"]
[EventCountry "USA"]
[SourceTitle "CBM 213 Extra"]
[Source "ChessBase"]
[SourceDate "2023.05.31"]
[SourceVersion "1"]
[SourceVersionDate "2023.05.31"]
[SourceQuality "1"]

1. d4 Nf6 2. c4 g6 3. g3 c6 4. Bg2 d5 5. Nf3 Bg7 6. 0-0 0-0 7. Ne5 Nbd7 8. Nc3 Nxe5 9. dxe5 Ne4 10. cxd5 Nxc3 11. bxc3 cxd5 12. Qb3 Bxe5 13. Bxd5 Qc7 14. Bh6 Bg7 15. Bf4 Be5 16. Be3 Qxc3 17. Qxc3 Bxc3 18. Rab1 a5 19. Bc5 Bb4 20. Bxb4 axb4 21. Rxb4 Rd8 22. Bb3 Rd2 23. Re1 Ra7 24. Rc1 Bd7 25. Rf4 e6 26. Rc7 Kf8 27. Kf1 Ke8 28. Ke1 Rd6 29. g4 h6 30. Rc3 Kf8 31. Rc7 Ke8 32. h4 Kd8 33. Rc3 Ke7 34. Rc7 Kd8 35. Rc3 Ke7 36. Rc7 1/2-1/2

[Event "Manny Pacquiao op"]
[Site "General Santos City"]
[Date "2022.12.15"]
[Round "5"]
[White "Tiu, Sherwin"]
[Black "Bryant, John Daniel"]
[Result "0-1"]
[WhiteElo "2242"]
[BlackElo "2413"]
[PlyCount "118"]
[EventDate "2022.12.13"]
[EventType "swiss"]
[EventRounds "9"]
[EventCountry "PHI"]
[SourceTitle "EXT 2024"]
[Source "ChessBase"]
[SourceDate "2023.10.10"]
[SourceVersion "1"]
[SourceVersionDate "2023.10.10"]
[SourceQuality "1"]

1. c4 g6 2. Nc3 Bg7 3. d4 Nf6 4. e4 d6 5. Nf3 0-0 6. Be2 e5 7. 0-0 Nc6 8. d5 Ne7 9. Ne1 Nd7 10. f3 f5 11. Nd3 f4 12. g4 g5 13. Bd2 h5 14. h3 Kf7 15. b4 Rh8 16. Kg2 Ng6 17. Be1 Nf6 18. Bf2 Rh6 19. Rg1 Bd7 20. Kf1 hxg4 21. hxg4 Rh2 22. Ke1 a5 23. a3 c6 24. Kd2 cxd5 25. cxd5 Rc8 26. Rc1 axb4 27. axb4 Nh4 28. Qf1 Qe7 29. Rh1 Rxh1 30. Qxh1 Kg6 31. Qg1 Ra8 32. Bxh4 gxh4 33. Qb6 Be8 34. Nb2 Nh7 35. Nc4 Ra6 36. Qf2 Ng5 37. Na5 Ra8 38. Qb6 Bf8 39. Nd1 h3 40. Nf2 Qd7 41. b5 h2 42. Nxb7 Ra2+ 43. Rc2 Nh3 44. Rxa2 Nxf2 45. Ra1 h1Q 46. Rxh1 Nxh1 47. Na5 Ng3 48. Bd3 Qh7 49. Qb8 Qh2+ 50. Kc3 Kf7 51. Nb7 Ne2+ 52. Kb4 Nd4 53. Qc7+ Kg8 54. Qc3 Qg2 55. Na5 Be7 56. Nc6 Bh4 57. b6 Be1 58. Qxe1 Qb2+ 59. Ka5 Qa3# 0-1

[Event "Manny Pacquiao op"]
[Site "General Santos City"]
[Date "2022.12.14"]
[Round "3"]
[White "Gabuzyan, Hovhannes"]
[Black "Bryant, John Daniel"]
[Result "1-0"]
[WhiteElo "2586"]
[BlackElo "2413"]
[PlyCount "55"]
[EventDate "2022.12.13"]
[EventType "swiss"]
[EventRounds "9"]
[EventCountry "PHI"]
[SourceTitle "EXT 2024"]
[Source "ChessBase"]
[SourceDate "2023.10.10"]
[SourceVersion "1"]
[SourceVersionDate "2023.10.10"]
[SourceQuality "1"]

1. f4 Nf6 2. Nf3 g6 3. g3 Bg7 4. Bg2 0-0 5. d3 d5 6. 0-0 c5 7. c3 Nc6 8. Qc2 d4 9. Na3 Nd5 10. Bd2 e5 11. Nxe5 Nxe5 12. fxe5 Bxe5 13. Nc4 Bg7 14. Qb3 Be6 15. Qxb7 Rb8 16. Qxa7 dxc3 17. bxc3 Nxc3 18. Bxc3 Bxc3 19. Rac1 h5 20. Kh1 Bd4 21. a4 h4 22. gxh4 Kg7 23. e3 Bf6 24. Qxc5 Rh8 25. Qd6 Qxd6 26. Nxd6 Rxh4 27. d4 Rb3 28. Ne8+ 1-0

[Event "Hollywood Masters op"]
[Site "Los Angeles"]
[Date "2022.10.30"]
[Round "9"]
[White "Zhou, Jianchao"]
[Black "Bryant, John Daniel"]
[Result "1-0"]
[WhiteElo "2570"]
[BlackElo "2401"]
[PlyCount "105"]
[EventDate "2022.10.26"]
[EventType "swiss"]
[EventRounds "9"]
[EventCountry "USA"]
[SourceTitle "EXT 2024"]
[Source "ChessBase"]
[SourceDate "2023.10.10"]
[SourceVersion "1"]
[SourceVersionDate "2023.10.10"]
[SourceQuality "1"]

1. d4 d5 2. c4 e6 3. Nc3 Be7 4. cxd5 exd5 5. Bf4 c6 6. e3 Bf5 7. Nge2 Nd7 8. h4 Ngf6 9. Ng3 Be6 10. Bd3 Nb6 11. Qc2 Bd6 12. Nge2 Bxf4 13. Nxf4 Qe7 14. h5 Bd7 15. a4 a5 16. Nce2 Qb4+ 17. Kf1 0-0 18. h6 g6 19. g3 Rfe8 20. Kg2 Nc8 21. Qc5 b6 22. Qxb4 axb4 23. b3 Nd6 24. Rac1 Rec8 25. f3 c5 26. g4 c4 27. Bc2 g5 28. Nh3 b5 29. a5 Rxa5 30. Nxg5 Ra2 31. Kg3 cxb3 32. Bd3 Rxc1 33. Nxc1 Ra1 34. Kg2 b2 35. Nb3 Rxh1 36. Kxh1 Nc4 37. Kg2 Nxe3+ 38. Kg3 Nd1 39. Kf4 Bc8 40. Nd2 Nc3 41. Nb1 Be6 42. Ke3 Nxb1 43. Bxb1 b3 44. Kf4 b4 45. Ke5 Nd7+ 46. Kd6 Nb6 47. Ke7 Nc4 48. Bxh7+ Kh8 49. Bd3 Na3 50. Nxf7+ Bxf7 51. Kxf7 b1Q 52. Bxb1 Nxb1 53. g5 1-0

[Event "Hollywood Masters op"]
[Site "Los Angeles"]
[Date "2022.10.27"]
[Round "3"]
[White "Bryant, John Daniel"]
[Black "Mikaelyan, Arman"]
[Result "1-0"]
[WhiteElo "2401"]
[BlackElo "2556"]
[PlyCount "91"]
[EventDate "2022.10.26"]
[EventType "swiss"]
[EventRounds "9"]
[EventCountry "USA"]
[SourceTitle "EXT 2024"]
[Source "ChessBase"]
[SourceDate "2023.10.10"]
[SourceVersion "1"]
[SourceVersionDate "2023.10.10"]
[SourceQuality "1"]

1. e4 e5 2. Nf3 Nc6 3. d4 exd4 4. Nxd4 Bc5 5. Nb3 Bb6 6. Nc3 Nf6 7. Bg5 h6 8. Bh4 0-0 9. Bd3 g5 10. Bg3 d5 11. exd5 Bg4 12. Be2 Bxe2 13. Nxe2 Qxd5 14. Qxd5 Nxd5 15. 0-0-0 Rfe8 16. Ned4 Nxd4 17. Nxd4 Rad8 18. Nf5 Kh7 19. Nd6 cxd6 20. Rxd5 Re2 21. h4 Kg6 22. Kd1 Re4 23. hxg5 hxg5 24. f3 Rd4+ 25. Rxd4 Bxd4 26. c3 Be5 27. Bf2 f5 28. Ke2 a6 29. Kd3 b5 30. b3 Rc8 31. Bd4 Bxd4 32. Kxd4 Re8 33. Kd3 f4 34. Kd2 Rc8 35. Kd3 Re8 36. Kd2 Rf8 37. Ke2 Re8+ 38. Kd2 Kg7 39. Rh5 Re5 40. Rh1 Rd5+ 41. Ke2 Rc5 42. Kd2 Rd5+ 43. Ke2 Re5+ 44. Kd2 Rc5 45. Kd3 Rd5+ 46. Ke2 1-0

[Event "World op 50th"]
[Site "Philadelphia"]
[Date "2022.07.03"]
[Round "6"]
[White "Bryant, John Daniel"]
[Black "Chiu, Isaac"]
[Result "1/2-1/2"]
[WhiteElo "2403"]
[BlackElo "2233"]
[PlyCount "73"]
[EventDate "2022.06.30"]
[EventType "swiss"]
[EventRounds "9"]
[EventCountry "USA"]
[SourceTitle "CBM 209 Extra"]
[Source "ChessBase"]
[SourceDate "2022.09.30"]
[SourceVersion "1"]
[SourceVersionDate "2022.09.30"]
[SourceQuality "1"]

1. e4 e5 2. Nf3 Nc6 3. d4 exd4 4. Nxd4 Nf6 5. Nxc6 bxc6 6. e5 Qe7 7. Qe2 Nd5 8. c4 Nb6 9. Nc3 Qe6 10. Bd2 a5 11. f4 d6 12. 0-0-0 Bb7 13. exd6 Qxe2 14. d7+ Nxd7 15. Bxe2 f5 16. Rhe1 0-0-0 17. g4 Nc5 18. gxf5 Kb8 19. Be3 Bd6 20. Rg1 Rde8 21. Bd4 Bc8 22. Bg4 Rhf8 23. Rdf1 Re7 24. Kc2 Bxf5+ 25. Bxf5 Rxf5 26. Bxg7 Rxf4 27. Bf8 Ref7 28. Bxd6 cxd6 29. Rxf4 Rxf4 30. Rd1 Rxc4 31. Rxd6 Rh4 32. Rxc6 Rxh2+ 33. Kd1 Nd3 34. b3 Nb4 35. Rb6+ Kc7 36. Rb5 Nxa2 37. Nxa2 1/2-1/2

[Event "Las Vegas National op"]
[Site "Las Vegas"]
[Date "2022.06.12"]
[Round "8"]
[White "Bryant, John Daniel"]
[Black "Cordova, Emilio"]
[Result "0-1"]
[WhiteElo "2405"]
[BlackElo "2549"]
[PlyCount "84"]
[EventDate "2022.06.08"]
[EventType "swiss"]
[EventRounds "9"]
[EventCountry "USA"]
[SourceTitle "CBM 208 Extra"]
[Source "ChessBase"]
[SourceDate "2022.07.31"]
[SourceVersion "1"]
[SourceVersionDate "2022.07.31"]
[SourceQuality "1"]

1. Nf3 c5 2. g3 Nc6 3. Bg2 g6 4. 0-0 Bg7 5. c4 e6 6. Nc3 Nge7 7. e3 0-0 8. d4 d6 9. b3 b6 10. Bb2 Bb7 11. Rc1 Rc8 12. Qd2 Rc7 13. Nb5 Rd7 14. Rfd1 a6 15. dxc5 Bxb2 16. Qxb2 axb5 17. cxb5 bxc5 18. bxc6 Bxc6 19. h4 f6 20. Rd2 Qa8 21. Ne1 Bxg2 22. Nxg2 Nc6 23. Ne1 Ne5 24. Qc2 g5 25. f4 Nf3+ 26. Nxf3 Qxf3 27. Kh2 gxh4 28. Rg2 Qxe3 29. gxh4+ Rg7 30. Rxg7+ Kxg7 31. Qg2+ Kh8 32. Rg1 Qxf4+ 33. Kh3 Qe3+ 34. Kh2 Qe5+ 35. Kh3 f5 36. a4 Rb8 37. Qf3 Qd5 38. Qxd5 exd5 39. Rg5 Rxb3+ 40. Kg2 c4 41. Kf2 d4 42. Rxf5 c3 0-1

[Event "Las Vegas National op"]
[Site "Las Vegas"]
[Date "2022.06.12"]
[Round "9"]
[White "Ghazaryan, Raffi"]
[Black "Bryant, John Daniel"]
[Result "0-1"]
[WhiteElo "2032"]
[BlackElo "2405"]
[PlyCount "97"]
[EventDate "2022.06.08"]
[EventType "swiss"]
[EventRounds "9"]
[EventCountry "USA"]
[SourceTitle "CBM 208 Extra"]
[Source "ChessBase"]
[SourceDate "2022.07.31"]
[SourceVersion "1"]
[SourceVersionDate "2022.07.31"]
[SourceQuality "1"]

1. e4 e5 2. Nf3 Nc6 3. Bb5 Nf6 4. d3 d6 5. c3 Bd7 6. Ba4 g6 7. 0-0 Bg7 8. Re1 0-0 9. d4 exd4 10. cxd4 Bg4 11. Bxc6 bxc6 12. Nc3 Nd7 13. Be3 Rb8 14. Qe2 Bxf3 15. Qxf3 Rxb2 16. Rac1 Re8 17. Red1 Qe7 18. e5 d5 19. Ne2 c5 20. Nf4 c6 21. Nd3 Rb5 22. a4 Ra5 23. Rxc5 Nxc5 24. Nxc5 Rxc5 25. dxc5 Bxe5 26. g3 h5 27. h4 Qb7 28. Bf4 Bg7 29. Qd3 Qb4 30. Qa6 Bd4 31. Rf1 Qxc5 32. Qd3 Qc3 33. Qa6 Re1 34. Kg2 Qa1 35. Qc8+ Kg7 36. Rxe1 Qxe1 37. Bh6+ Kh7 38. Be3 Bxe3 39. fxe3 Qe2+ 40. Kh3 Qf1+ 41. Kh2 Qf2+ 42. Kh1 Qxg3 43. Qxc6 Qxh4+ 44. Kg2 Qe4+ 45. Kf2 h4 46. Qc7 Qf5+ 47. Ke2 h3 48. Qxa7 h2 49. Qxf7+ 0-1

[Event "Las Vegas National op"]
[Site "Las Vegas"]
[Date "2022.06.11"]
[Round "6"]
[White "Bryant, John Daniel"]
[Black "Mikaelyan, Arman"]
[Result "0-1"]
[WhiteElo "2405"]
[BlackElo "2502"]
[PlyCount "68"]
[EventDate "2022.06.08"]
[EventType "swiss"]
[EventRounds "9"]
[EventCountry "USA"]
[SourceTitle "CBM 208 Extra"]
[Source "ChessBase"]
[SourceDate "2022.07.31"]
[SourceVersion "1"]
[SourceVersionDate "2022.07.31"]
[SourceQuality "1"]

1. e4 d5 2. exd5 Qxd5 3. Nc3 Qd8 4. d4 Nf6 5. Nf3 g6 6. Bf4 Bg7 7. Qd2 a6 8. Bd3 Nc6 9. 0-0-0 0-0 10. h4 Nb4 11. Bc4 b5 12. Bb3 Bg4 13. Rde1 Bxf3 14. gxf3 Nh5 15. Bg5 Nc6 16. Nd5 Re8 17. c3 Qd7 18. Re2 a5 19. Rhe1 e6 20. Nf4 Nxf4 21. Qxf4 a4 22. Bc2 b4 23. Bf6 b3 24. axb3 axb3 25. Bxb3 Na5 26. Bc2 Nc4 27. Bxg7 Kxg7 28. h5 Qb5 29. h6+ Kf8 30. Bb1 Ra1 31. Qf6 Nd6 32. b4 Qd5 33. Qg7+ Ke7 34. Rxe6+ Kd7 0-1